Investment projects in agriculture (Record no. 11083)

000 -LEADER
fixed length control field 00290nam a22001217a 4500
040 ## - CATALOGING SOURCE
Transcribing agency HS
082 ## - DEWEY DECIMAL CLASSIFICATION NUMBER
Classification number 338 BEN 1985 C086
100 ## - MAIN ENTRY--AUTHOR NAME
Personal name McDONALD P. BENJAMIN
245 ## - TITLE STATEMENT
Title Investment projects in agriculture
260 ## - PUBLICATION, DISTRIBUTION, ETC. (IMPRINT)
Place of publication New York
Name of publisher McDONALD P. BENJAMIN
Year of publication 1985
300 ## - PHYSICAL DESCRIPTION
Number of Pages 297p;
942 ## - ADDED ENTRY ELEMENTS (KOHA)
Koha item type សៀវភៅភាសាអង់គ្លេស
952 ## - LOCATION AND ITEM INFORMATION (KOHA)
Withdrawn status [LOCAL, KOHA] 0
Holdings
Permanent Location Date acquired Koha item type Lost status Shelving location Barcode Current Location Full call number
Library Block C2017-02-15សៀវភៅភាសាអង់គ្លេស C190A04795Library Block C338 BEN 1985 C190
មជ្ឈមណ្ឌលឯការនៃសាកលវិទ្យាល័យភូមិន្ទកសិកម្មចំការដូង

Powered by Koha